| 000 | 00834nam a2200241Ia 4500 | ||
|---|---|---|---|
| 003 | GCL | ||
| 008 | 140319s9999 xx 000 0 ara d | ||
| 020 | _a0533232977 | ||
| 040 |
_aGCL / _cGCL |
||
| 082 | 0 | 4 |
_a371.207 _bم ت |
| 100 | 1 | _aمحمد صبرى حافظ | |
| 245 | 1 | 0 |
_aتخطيط المؤسسات التعليمية / _cمحمد صبرى حافظ |
| 700 | 1 | _aالسيد السيد محمود البحيرى | |
| 250 | _aالاولى | ||
| 260 |
_aالقاهرة : _bعالم الكتب ، _c2006 |
||
| 300 |
_a238 ص ؛ _c24 سم |
||
| 650 | 0 | 4 | _aالنشاط المدرسى |
| 650 | 0 | 4 | _aالوسائل التعليمية |
| 650 | 0 | 4 | _aالمدارس - تنظيم وادارة |
| 650 | 0 | 4 | _aالجامعات والكليات - تنظيم وادارة |
| 650 | 0 | 4 | _aالمدارس - تطوير |
| 942 |
_2ddc _cBK |
||
| 999 |
_c9713 _d9713 |
||